Adhunik Hindi Sahitya mem Aatmakadha aur Samsmarn vidha/ (Record no. 63324)

000 -LEADER
fixed length control field 00422nam a22001577a 4500
020 ## - INTERNATIONAL STANDARD BOOK NUMBER
ISBN 9789385389269
082 ## - DEWEY DECIMAL CLASSIFICATION NUMBER
Classification number H 891.430 92
Item number JYO/A
100 ## - MAIN ENTRY--AUTHOR NAME
Personal name Jyoti Vyas
245 ## - TITLE STATEMENT
Title Adhunik Hindi Sahitya mem Aatmakadha aur Samsmarn vidha/
Statement of responsibility, etc by Jyoti Vyas
260 ## - PUBLICATION, DISTRIBUTION, ETC. (IMPRINT)
Place of publication Kanpur:
Name of publisher Aman Prakasan,
Year of publication 2015.
300 ## - PHYSICAL DESCRIPTION
Number of Pages 232p.
650 ## - SUBJECT ADDED ENTRY--TOPICAL TERM
Topical Term Autobiographies Hindi
650 ## - SUBJECT ADDED ENTRY--TOPICAL TERM
Topical Term Literature Hindi
650 ## - SUBJECT ADDED ENTRY--TOPICAL TERM
Topical Term Literature
942 ## - ADDED ENTRY ELEMENTS (KOHA)
Koha item type Book
Holdings
Withdrawn status Lost status Damaged status Not for loan Permanent Location Current Location Shelving location Date acquired Cost, normal purchase price Full call number Accession Number Price effective from Koha item type
        Sree Sankaracharya University of Sanskrit Sree Sankaracharya University of Sanskrit Stacks 08.11.2016 495.00 H891.43 092 JYO/A 082549 08.11.2016 Book